Guess The Web, Apps, & Software Brands! #2 - Statistics

General Stats
  • This quiz has been taken 45 times
  • The average score is 19 of 50
Answer Stats
Picture Answer % Correct
Android
92%
App Store
87%
Duolingo
87%
Google Drive
85%
Messenger
85%
Dropbox
74%
Microsoft Edge
74%
Outlook
69%
Play Store
64%
TripAdvisor
64%
Github
56%
Google Wallet
54%
Office
51%
Like
49%
OneDrive
49%
Shein
49%
Winrar
46%
MAC
44%
Anonymous
41%
Tumblr
41%
Gimp
38%
Matlab
38%
LibreOffice
36%
Quicktime
36%
Evernote
33%
Flash
31%
Ask.com
28%
Google Talk
28%
Liveleak
28%
Thunderbird
28%
Avast
26%
BBM
26%
KickStarter
26%
Google Earth
23%
Digg
21%
Stumbleupon
21%
Symantec
21%
Winamp
21%
Drupal
18%
Last FM
18%
Winzip
18%
Google Wave
15%
Kaspersky
15%
MS DOS
15%
Bittorent
13%
CorelDraw
13%
Endomondo
13%
SkyDrive
13%
Delicious
10%
Infranview
10%
No matching quizzes found
Score Distribution
Percent of People with Each Score
Percentile by Number Answered
Your Score History
You have not taken this quiz